| 000 | 00568nam a2200205Ia 4500 | ||
|---|---|---|---|
| 005 | 20250508163658.0 | ||
| 008 | 008 250505s9999 xx 000 0 eng d | ||
| 020 | _a0-304-33509-6 | ||
| 037 | _aTextual | ||
| 040 |
_aFEDL _beng _cFEDL |
||
| 041 |
_aeng _2eng |
||
| 084 |
_a378, WOL _qFEDL |
||
| 100 | _aWolfendale Sheila | ||
| 245 | 0 | _aOpening doors: Learning support in higher education | |
| 260 |
_aLondon, UK _bCassell _c1996 |
||
| 300 | _axi,179p. | ||
| 700 |
_a Corbett Jenny _9775969 |
||
| 942 |
_cTEXL _h378, WOL |
||
| 999 |
_c1384658 _d1384658 |
||